000 00556nam a2200217Ia 4500
003 OSt
005 20220928141749.0
006 a|||||r|||| 00| 0
007 ta
008 220927b |||||||| |||| 00| 0 eng d
024 _a17517
037 _cTextual
040 _aSDCL
_cSDCL
_beng
041 _2eng
_aeng
082 _aO15:gxL70,1, M1
100 _aAwasthi Brahamamitra Ed.
_9502106
245 0 _aSaahityakaumudi.
260 _c1981
942 _hO15:gxL70,1, M1
_cTEXL
_2CC
999 _c819838
_d819838